| 000 | 00544nam a2200157Ia 4500 | ||
|---|---|---|---|
| 008 | 230907s9999||||xx |||||||||||||| ||und|| | ||
| 082 |
_a696.6 _bAAM |
||
| 100 |
_aAamir Mehmood (NUST201260714MCES64112F) _9116277 |
||
| 245 | 0 | _aDevelopment performance investigation and optimization of solar water heater hybridized with conventional fuel / | |
| 260 |
_aUSPCAS-E, NUST, _bIslamabad : _c2014 |
||
| 300 | _axiv, 114 p. : | ||
| 520 | _aTH-9 | ||
| 650 |
_aMS-ESE Thesis MS Thesis _9116278 |
||
| 700 |
_aDr. Adeel Waqas _928869 |
||
| 942 |
_cTHE _2ddc |
||
| 999 |
_c601688 _d601688 |
||